00421nam a2200133 a 450000500170000000800410001702000220005805000270008010000160010724500620012326000560018530000210024165000250026220140310183537.0110818s19uu xx 00 eng d a978-81-7884-683-5 aPR 9489.6b.So729 2011 aSouza, L.D. aStudies in contemporary english literature /cL.D. Souza. aNew Delhi, India :bCyber Tech Publications,c2011. a270 p. :c22 cm. aLiterature (English)